|
|
|
|
| LEADER |
00000nam0a2200000 4500 |
| 001 |
92228 |
| 005 |
20231031104600.0 |
| 020 |
|
|
|a RU
|b 81-72348
|
| 035 |
|
|
|a (RuTPU)RU\TPU\book\98830
|
| 090 |
|
|
|a 92228
|
| 100 |
|
|
|a 20060310d1981 m a0rusy5003 ca
|
| 101 |
0 |
|
|a rus
|
| 102 |
|
|
|a BY
|
| 105 |
|
|
|a y j 001zy
|
| 200 |
1 |
|
|a Психология высшей школы
|f М. И. Дьяченко, Л. А. Кандыбович
|
| 205 |
|
|
|a 2-е изд., перераб. и доп.
|
| 210 |
|
|
|a Минск
|c Изд-во БГУ
|d 1981
|
| 215 |
|
|
|a 383 с.
|d 20 см.
|
| 610 |
1 |
|
|a учебно-воспитательная работа
|
| 610 |
1 |
|
|a высшая школа
|
| 610 |
1 |
|
|a психология
|
| 610 |
1 |
|
|a учебные пособия
|
| 610 |
1 |
|
|a студенты
|
| 610 |
1 |
|
|a преподаватели
|
| 686 |
|
|
|a Ч484(2)я73
|2 rubbk
|
| 700 |
|
1 |
|a Дьяченко
|b М. И.
|g Михаил Иванович
|4 070
|
| 701 |
|
1 |
|a Кандыбович
|b Л. А.
|g Лев Александрович
|4 070
|
| 801 |
|
0 |
|a RU
|b RuMRKP
|c 19950704
|g psbo
|
| 801 |
|
1 |
|a RU
|b 63413507
|c 20060310
|g PSBO
|
| 801 |
|
2 |
|a RU
|b 63413507
|c 20160209
|g PSBO
|
| 942 |
|
|
|c BK
|